[Event "NB I. Maroczy csoport"]
[Site "Budapest"]
[Date "2024.03.03"]
[Round "7.8"]
[White "Kormos, Andras"]
[Black "Eberth, Zoltan Bela"]
[Result "0-1"]
[WhiteElo "2075"]
[BlackElo "1980"]
[PlyCount "332"]
[EventDate "2023.10.08"]
[EventType "team-tourn"]
[EventRounds "11"]
[EventCountry "HUN"]
[Source "chess.hu"]
[WhiteTeam "Dr.  Hetenyi Geza SK"]
[BlackTeam "Pitypalatty Sakk SE"]
[WhiteTeamCountry "HUN"]
[BlackTeamCountry "HUN"]

1. c4 e6 2. Nf3 d5 3. e3 c5 4. cxd5 exd5 5. d4 Nc6 6. Nc3 Nf6 7. g3 Bg4 8. h3
Bxf3 9. Qxf3 cxd4 10. exd4 Nxd4 11. Qe3+ Qe7 12. Bd3 Nc6 13. Nb5 Qxe3+ 14. Bxe3
Bb4+ 15. Ke2 O-O 16. Rhd1 a6 17. Nd4 Nxd4+ 18. Bxd4 Rfe8+ 19. Kf1 Ne4 20. a3
Bf8 21. Rac1 Rac8 22. Rxc8 Rxc8 23. g4 g6 24. f3 Ng5 25. Kg2 Ne6 26. Be3 Bg7
27. b4 Rc3 28. Bc1 Be5 29. h4 Rxc1 30. Rxc1 Nf4+ 31. Kf1 Nxd3 32. Rc8+ Kg7 33.
Rd8 Bb2 34. Rxd5 Nf4 35. Rd7 b5 36. Ra7 Bxa3 37. Rxa6 Bxb4 38. Rb6 Be7 39. Rxb5
Bxh4 40. Rb4 Bg3 41. Rb5 h6 42. Ra5 Kf6 43. Rb5 Ne6 44. Kg2 Be5 45. Ra5 Nf4+
46. Kg3 Nd3+ 47. Kg2 Kg5 48. Ra3 Nf4+ 49. Kg3 h5 50. gxh5 Nxh5+ 51. Kg2 Nf4+
52. Kg3 f6 53. Ra4 Ne6+ 54. Kf2 Kf5 55. Kg2 Nd4 56. Kf2 Kf4 57. Rc4 f5 58. Rb4
Bf6 59. Ra4 Bh4+ 60. Kg2 Ke5 61. Ra5+ Kf6 62. Ra4 Ke5 63. Ra5+ Kf4 64. Ra4 Bf6
65. Kf2 Be5 66. Rb4 Kg5 67. Rc4 Ne6 68. Ra4 Bd4+ 69. Kg3 Be3 70. Rc4 Nd4 71.
Ra4 Kf6 72. Ra6+ Ne6 73. Kh3 g5 74. Kg3 Ke5 75. Ra5+ Nc5 76. Ra8 Ne6 77. Ra5+
Bc5 78. Ra6 Bd6 79. Kf2 Nc5 80. Rc6 Kd5 81. Rc8 Ne6 82. Re8 f4 83. Kg2 Ng7 84.
Rg8 Be5 85. Rd8+ Ke6 86. Kh3 Bf6 87. Ra8 Kf5 88. Ra4 Ne6 89. Ra5+ Be5 90. Ra8
Nd4 91. Kg2 Bf6 92. Ra5+ Kg6 93. Ra4 Nf5 94. Ra6 Nh4+ 95. Kf2 Kf5 96. Ra5+ Be5
97. Ra6 Ng6 98. Ra5 Nf8 99. Kg2 Ne6 100. Ra6 Nc5 101. Ra8 Nd3 102. Rg8 Ne1+
103. Kf2 Nc2 104. Rc8 Ne3 105. Rg8 Bd4 106. Ke2 Nd5 107. Rd8 Nc3+ 108. Kf1 Bf6
109. Rg8 Nd5 110. Kg2 Ne7 111. Ra8 Bc3 112. Kh3 Ng6 113. Ra3 Be1 114. Kg2 Ne5
115. Ra4 Ng6 116. Ra3 Nh4+ 117. Kf1 Bb4 118. Rb3 Bd6 119. Rb5+ Be5 120. Kf2 Ng6
121. Ra5 g4 122. fxg4+ Kxg4 123. Ra8 Kf5 124. Ra5 Ke4 125. Ra8 Bd4+ 126. Kf1
Ne5 127. Rf8 Kf3 128. Rf5 Ng4 129. Rf8 Bf2 130. Rxf4+ Kxf4 131. Ke2 Ke4 132.
Kf1 Bd4 133. Ke2 Ne5 134. Kd2 Kf3 135. Kc2 Ke2 136. Kb3 Kd3 137. Ka4 Kc2 138.
Kb5 Kc3 139. Ka6 Kc4 140. Kb7 Kd5 141. Kc7 Bc5 142. Kb7 Kd6 143. Ka8 Kc6 144.
Kb8 Nc4 145. Ka8 Nd6 146. Kb8 Nb5 147. Kc8 Nc7 148. Kb8 Bb6 149. Kc8 Ba7 150.
Kd8 Nd5 151. Ke8 Kd6 152. Kf7 Ne7 153. Kf6 Be3 154. Kf7 Bd4 155. Ke8 Ke6 156.
Kd8 Bb6+ 157. Ke8 Bc7 158. Kf8 Nf5 159. Ke8 Ng7+ 160. Kf8 Kf6 161. Kg8 Kg6 162.
Kf8 Bd6+ 163. Kg8 Nf5 164. Kh8 Be7 165. Kg8 Nh6+ 166. Kh8 Bf6# 0-1

[Event "NB I. Maroczy csoport"]
[Site "Budapest"]
[Date "2024.03.03"]
[Round "7.9"]
[White "Paal, Andras"]
[Black "Csonkics, Tunde"]
[Result "1/2-1/2"]
[WhiteElo "1998"]
[BlackElo "1993"]
[PlyCount "58"]
[EventDate "2023.10.08"]
[EventType "team-tourn"]
[EventRounds "11"]
[EventCountry "HUN"]
[Source "chess.hu"]
[WhiteTeam "Pitypalatty Sakk SE"]
[BlackTeam "Dr.  Hetenyi Geza SK"]
[WhiteTeamCountry "HUN"]
[BlackTeamCountry "HUN"]

1. Nc3 c5 2. e4 d6 3. Nf3 Nf6 4. d4 cxd4 5. Nxd4 a6 6. Bg5 Nbd7 7. Qd2 Qc7 8.
O-O-O e6 9. Kb1 b5 10. f3 Bb7 11. Nb3 b4 12. Ne2 d5 13. exd5 Nxd5 14. Nf4 h6
15. Nxd5 Bxd5 16. Bf4 Bd6 17. Bxd6 Qxd6 18. Bc4 Nb6 19. Bxd5 Nxd5 20. Qd4 O-O
21. g4 a5 22. h4 a4 23. Nc5 a3 24. Ne4 Qa6 25. b3 Qe2 26. Qd3 Qxd3 27. Rxd3 f5
28. gxf5 Rxf5 29. c3 bxc3 1/2-1/2

[Event "NB I. Maroczy csoport"]
[Site "Budapest"]
[Date "2024.03.03"]
[Round "7.10"]
[White "Novaky, Csaba"]
[Black "Simon, Attila"]
[Result "1/2-1/2"]
[WhiteElo "2065"]
[BlackElo "2017"]
[PlyCount "40"]
[EventDate "2023.10.08"]
[EventType "team-tourn"]
[EventRounds "11"]
[EventCountry "HUN"]
[Source "chess.hu"]
[WhiteTeam "Dr.  Hetenyi Geza SK"]
[BlackTeam "Pitypalatty Sakk SE"]
[WhiteTeamCountry "HUN"]
[BlackTeamCountry "HUN"]

1. e4 d6 2. d4 Nf6 3. Nc3 c6 4. Nf3 Qc7 5. Bf4 Bg4 6. h3 Bxf3 7. Qxf3 e5 8.
dxe5 dxe5 9. Bg5 Nbd7 10. Bc4 Bb4 11. O-O O-O 12. Ne2 Be7 13. Ng3 b5 14. Bb3
Nc5 15. Nf5 Ne6 16. Be3 g6 17. Nh6+ Kg7 18. g4 Nf4 19. Bxf4 exf4 20. g5 Nd7
1/2-1/2

[Event "NB I. Maroczy csoport"]
[Site "Budapest"]
[Date "2024.03.03"]
[Round "7.11"]
[White "Hajdu, Sandor"]
[Black "Gelle, Istvan"]
[Result "1-0"]
[WhiteElo "1885"]
[BlackElo "2170"]
[PlyCount "133"]
[EventDate "2023.10.08"]
[EventType "team-tourn"]
[EventRounds "11"]
[EventCountry "HUN"]
[Source "chess.hu"]
[WhiteTeam "Pitypalatty Sakk SE"]
[BlackTeam "Dr.  Hetenyi Geza SK"]
[WhiteTeamCountry "HUN"]
[BlackTeamCountry "HUN"]

1. d4 d5 2. Bf4 c6 3. c3 Bf5 4. Nf3 e6 5. e3 Nd7 6. Nbd2 h6 7. Ne5 Nxe5 8. Bxe5
Nf6 9. Nf3 Nd7 10. Bg3 Qb6 11. Qb3 a5 12. Qxb6 Nxb6 13. O-O-O f6 14. Bd3 Bxd3
15. Rxd3 a4 16. Re1 Nc4 17. e4 Kf7 18. exd5 exd5 19. Nd2 b5 20. Nxc4 bxc4 21.
Rde3 a3 22. Re6 axb2+ 23. Kxb2 c5 24. dxc5 Bxc5 25. Rc6 Ba3+ 26. Kc2 Kg6 27.
Ree6 Ra5 28. Ra6 Ra8 29. Rxa8 Rxa8 30. Kb1 Ra5 31. Rb6 Bc5 32. Rc6 Rb5+ 33. Kc2
Ba3 34. Ra6 Rb2+ 35. Kd1 Bc5 36. Kc1 Rb5 37. Kc2 h5 38. a4 Rb3 39. Ra5 Ba3 40.
Rxd5 Rb2+ 41. Kd1 Ra2 42. a5 Bb2 43. Rd2 Ra1+ 44. Kc2 Bxc3 45. Kxc3 Rxa5 46.
Kxc4 Ra1 47. f3 Rg1 48. Kd5 Kf7 49. Ke4 Kg6 50. Ra2 Rb1 51. h3 Rb4+ 52. Kd3 Rb1
53. Bf2 Rb5 54. Bd4 Rb3+ 55. Ke4 Rb5 56. g4 hxg4 57. hxg4 Rb4 58. f4 Rb1 59.
f5+ Kh7 60. g5 fxg5 61. Ra7 Re1+ 62. Kd5 Rf1 63. Rxg7+ Kh6 64. f6 Rf4 65. Be5
Rf1 66. Ke6 Re1 67. Rg8 1-0

[Event "NB I. Maroczy csoport"]
[Site "Kecskemet"]
[Date "2024.03.03"]
[Round "7.1"]
[White "Stankovic, Milos"]
[Black "Groszpeter, Attila"]
[Result "1/2-1/2"]
[WhiteElo "2462"]
[BlackElo "2426"]
[PlyCount "49"]
[EventDate "2023.10.08"]
[EventType "team-tourn"]
[EventRounds "11"]
[EventCountry "HUN"]
[Source "chess.hu"]
[WhiteTeam "Maroczy SE I."]
[BlackTeam "Neumann J. Egyetem"]
[WhiteTeamCountry "HUN"]
[BlackTeamCountry "HUN"]

1. e4 e5 2. Nf3 Nc6 3. Bb5 a6 4. Ba4 Nf6 5. O-O Be7 6. Re1 b5 7. Bb3 d6 8. a4
Bd7 9. c3 O-O 10. d4 h6 11. h3 Re8 12. Nbd2 Bf8 13. Bc2 exd4 14. cxd4 Nb4 15.
Bb1 bxa4 16. Nf1 d5 17. e5 Ne4 18. Ne3 Rb8 19. Nd2 c5 20. Nxe4 dxe4 21. Bxe4
cxd4 22. Qxd4 Bb5 23. Nf5 Qxd4 24. Nxd4 Rbd8 25. Nxb5 1/2-1/2

[Event "NB I. Maroczy csoport"]
[Site "Kecskemet"]
[Date "2024.03.03"]
[Round "7.2"]
[White "Balazs, Gabor"]
[Black "Palkovi, Jozsef"]
[Result "1/2-1/2"]
[WhiteElo "2369"]
[BlackElo "2376"]
[PlyCount "26"]
[EventDate "2023.10.08"]
[EventType "team-tourn"]
[EventRounds "11"]
[EventCountry "HUN"]
[Source "chess.hu"]
[WhiteTeam "Neumann J. Egyetem"]
[BlackTeam "Maroczy SE I."]
[WhiteTeamCountry "HUN"]
[BlackTeamCountry "HUN"]

1. d4 Nf6 2. Nf3 g6 3. g3 Bg7 4. Bg2 O-O 5. O-O d5 6. c4 c6 7. b3 Bf5 8. Bb2 a5
9. Nbd2 Nbd7 10. Nh4 Be6 11. e4 Nxe4 12. Nxe4 dxe4 13. Bxe4 Nf6 1/2-1/2

[Event "NB I. Maroczy csoport"]
[Site "Kecskemet"]
[Date "2024.03.03"]
[Round "7.3"]
[White "Nestorovic, Lazar"]
[Black "Marosi, Levente"]
[Result "1-0"]
[WhiteElo "2304"]
[BlackElo "2290"]
[PlyCount "59"]
[EventDate "2023.10.08"]
[EventType "team-tourn"]
[EventRounds "11"]
[EventCountry "HUN"]
[Source "chess.hu"]
[WhiteTeam "Maroczy SE I."]
[BlackTeam "Neumann J. Egyetem"]
[WhiteTeamCountry "HUN"]
[BlackTeamCountry "HUN"]

1. e4 c6 2. d4 d5 3. e5 Bf5 4. Ne2 e6 5. Ng3 Bg6 6. h4 h6 7. h5 Bh7 8. Bd3 Bxd3
9. cxd3 Qb6 10. Be3 c5 11. dxc5 Qxb2 12. d4 Nc6 13. Nd2 Nxd4 14. O-O Nc6 15.
Rb1 Qxa2 16. Rxb7 Qa6 17. Qb3 Nge7 18. Rb1 Nd8 19. Rb4 Nec6 20. Rb5 Nxe5 21.
Qb2 Ndc6 22. Bd4 Nxd4 23. Rb8+ Rxb8 24. Qxb8+ Ke7 25. Qxe5 Nc6 26. Qc7+ Kf6 27.
Rb3 Nd4 28. Re3 Qa1+ 29. Kh2 Nb5 30. Rf3+ 1-0

[Event "NB I. Maroczy csoport"]
[Site "Kecskemet"]
[Date "2024.03.03"]
[Round "7.4"]
[White "Soos, Arpad"]
[Black "Nestorovic, Dejan"]
[Result "1-0"]
[WhiteElo "2341"]
[BlackElo "2306"]
[PlyCount "57"]
[EventDate "2023.10.08"]
[EventType "team-tourn"]
[EventRounds "11"]
[EventCountry "HUN"]
[Source "chess.hu"]
[WhiteTeam "Neumann J. Egyetem"]
[BlackTeam "Maroczy SE I."]
[WhiteTeamCountry "HUN"]
[BlackTeamCountry "HUN"]

1. e4 c5 2. Nf3 e6 3. d4 cxd4 4. Nxd4 Nf6 5. Nc3 d6 6. Be3 a6 7. f4 b5 8. Qf3
Bb7 9. Bd3 Nbd7 10. g4 g6 11. O-O-O Rc8 12. g5 Rxc3 13. bxc3 Nh5 14. f5 exf5
15. Nxf5 Ne5 16. Qe2 gxf5 17. Qxh5 fxe4 18. Be2 Bg7 19. Rhf1 O-O 20. Bd4 Qa5
21. Rf5 Ng6 22. Rf6 Qxa2 23. Qh3 Qa3+ 24. Kd2 b4 25. Qd7 bxc3+ 26. Ke1 Bc8 27.
Qxd6 Qb2 28. Bc4 Bg4 29. Rxg6 1-0

[Event "NB I. Maroczy csoport"]
[Site "Kecskemet"]
[Date "2024.03.03"]
[Round "7.5"]
[White "Papp, Bence"]
[Black "Siklosi, Zoltan"]
[Result "1-0"]
[WhiteElo "2274"]
[BlackElo "2277"]
[PlyCount "121"]
[EventDate "2023.10.08"]
[EventType "team-tourn"]
[EventRounds "11"]
[EventCountry "HUN"]
[Source "chess.hu"]
[WhiteTeam "Maroczy SE I."]
[BlackTeam "Neumann J. Egyetem"]
[WhiteTeamCountry "HUN"]
[BlackTeamCountry "HUN"]

1. e4 e5 2. f4 exf4 3. Nf3 h6 4. d4 g5 5. Nc3 Bg7 6. g3 d6 7. gxf4 g4 8. Rg1
gxf3 9. Rxg7 Qh4+ 10. Rg3 Nf6 11. Qxf3 Nh5 12. Nd5 Nxg3 13. Nxc7+ Kd8 14. hxg3
Qg4 15. Qxg4 Bxg4 16. Nxa8 Re8 17. Bd3 Bf5 18. e5 Bxd3 19. cxd3 Nc6 20. Be3 Kd7
21. Kd2 Rxa8 22. Rh1 Rg8 23. Bf2 Rg6 24. Ke3 Ne7 25. Kf3 f5 26. exf6 Rxf6 27.
g4 d5 28. Rh5 Rd6 29. f5 Ke8 30. Be3 Ng8 31. Rh2 Rc6 32. Kf4 Kf7 33. Ke5 Nf6
34. Rg2 Rb6 35. g5 hxg5 36. Bxg5 Ne8 37. Rh2 Kg7 38. f6+ Kg6 39. Rh6+ Kxg5 40.
f7 Nf6 41. f8=Q Nd7+ 42. Kxd5 Nxf8 43. Rxb6 axb6 44. Kd6 Kf6 45. d5 Kf7 46. Kc7
Ke7 47. d6+ Ke8 48. a4 Ne6+ 49. Kc8 Nc5 50. b4 Nd7 51. Kxb7 Kd8 52. d4 Nf6 53.
Kxb6 Kc8 54. Kc6 Nd7 55. b5 Nb8+ 56. Kd5 Nd7 57. a5 Nb8 58. Ke6 Kd8 59. Kd5 Kc8
60. a6 Nd7 61. a7 1-0

[Event "NB I. Maroczy csoport"]
[Site "Kecskemet"]
[Date "2024.03.03"]
[Round "7.6"]
[White "Varasdy, Imre"]
[Black "Zakarias, David"]
[Result "0-1"]
[WhiteElo "2210"]
[BlackElo "2302"]
[PlyCount "62"]
[EventDate "2023.10.08"]
[EventType "team-tourn"]
[EventRounds "11"]
[EventCountry "HUN"]
[Source "chess.hu"]
[WhiteTeam "Neumann J. Egyetem"]
[BlackTeam "Maroczy SE I."]
[WhiteTeamCountry "HUN"]
[BlackTeamCountry "HUN"]

1. d4 d5 2. c4 e6 3. Nf3 Nf6 4. Nc3 dxc4 5. e3 a6 6. a4 b6 7. Bxc4 Bb7 8. O-O
Bb4 9. Qe2 Nbd7 10. Rd1 O-O 11. Bd2 Qe7 12. Rac1 e5 13. Nxe5 Nxe5 14. dxe5 Qxe5
15. f4 Qe7 16. Nd5 Bxd5 17. Bxb4 Bxc4 18. Rxc4 c5 19. Bc3 Rfe8 20. Bxf6 Qxf6
21. Rc2 Re4 22. a5 bxa5 23. Rxc5 Rae8 24. Rc3 Qb6 25. Qf2 g6 26. Rdd3 a4 27. h3
Rb4 28. Rc2 Rb3 29. Rd4 a3 30. bxa3 Rexe3 31. a4 Qxd4 0-1

[Event "NB I. Maroczy csoport"]
[Site "Kecskemet"]
[Date "2024.03.03"]
[Round "7.7"]
[White "Tubak, Daniel"]
[Black "Czegledi, Zsolt"]
[Result "1-0"]
[WhiteElo "2219"]
[BlackElo "2156"]
[PlyCount "101"]
[EventDate "2023.10.08"]
[EventType "team-tourn"]
[EventRounds "11"]
[EventCountry "HUN"]
[Source "chess.hu"]
[WhiteTeam "Maroczy SE I."]
[BlackTeam "Neumann J. Egyetem"]
[WhiteTeamCountry "HUN"]
[BlackTeamCountry "HUN"]

1. e4 e5 2. Nf3 Nc6 3. Bc4 Bc5 4. c3 Qe7 5. O-O Nf6 6. d3 d6 7. b4 Bb6 8. a4 a6
9. Na3 O-O 10. h3 Be6 11. Bxe6 Qxe6 12. Nc4 Ba7 13. Bg5 h6 14. Bxf6 Qxf6 15. b5
Ne7 16. Rb1 axb5 17. axb5 Bb8 18. Qb3 Ng6 19. Ne3 Nf4 20. Nd5 Qe6 21. Nxf4 Qxb3
22. Rxb3 exf4 23. Rbb1 Ba7 24. Ra1 Bb6 25. Nd2 Ra5 26. Rxa5 Bxa5 27. Rc1 Bb6
28. Ra1 f5 29. exf5 Rxf5 30. Ra8+ Kh7 31. c4 d5 32. Kf1 dxc4 33. dxc4 Bc5 34.
Ne4 f3 35. gxf3 Bd4 36. Kg2 c6 37. bxc6 bxc6 38. Rd8 c5 39. Rc8 g5 40. Rc6 Kg7
41. Nd2 Re5 42. Kf1 h5 43. Nb3 Rf5 44. Kg2 g4 45. hxg4 hxg4 46. Nxd4 cxd4 47.
fxg4 Rf4 48. Kg3 Re4 49. Rd6 d3 50. Rxd3 Rxc4 51. Rd6 1-0

[Event "NB I. Maroczy csoport"]
[Site "Kecskemet"]
[Date "2024.03.03"]
[Round "7.8"]
[White "Lehocz, Jozsef Jr"]
[Black "Nagy, Daniel"]
[Result "1-0"]
[WhiteElo "2143"]
[BlackElo "2308"]
[PlyCount "77"]
[EventDate "2023.10.08"]
[EventType "team-tourn"]
[EventRounds "11"]
[EventCountry "HUN"]
[Source "chess.hu"]
[WhiteTeam "Neumann J. Egyetem"]
[BlackTeam "Maroczy SE I."]
[WhiteTeamCountry "HUN"]
[BlackTeamCountry "HUN"]

1. e4 c5 2. c3 Nf6 3. e5 Nd5 4. g3 d6 5. exd6 e6 6. Bg2 Bxd6 7. Nf3 Nc6 8. O-O
O-O 9. d4 cxd4 10. Nxd4 Nxd4 11. Qxd4 Qc7 12. Nd2 Bd7 13. Ne4 Be5 14. Qd3 Rac8
15. Re1 h6 16. f4 Qb6+ 17. Kh1 Bb5 18. Qf3 Bb8 19. f5 exf5 20. Qxf5 Qe6 21.
Qxd5 Qxd5 22. Nf6+ gxf6 23. Bxd5 Bc6 24. Bxc6 Rxc6 25. Bxh6 Rd8 26. Rad1 Rxd1
27. Rxd1 Be5 28. Rd8+ Kh7 29. Be3 Ra6 30. a3 Kg6 31. Kg2 Ra5 32. Rd3 b6 33. Kf3
Ra4 34. Rd7 Ra5 35. Bd2 Ra4 36. Bc1 Rc4 37. Rxa7 Bxc3 38. bxc3 Rxc3+ 39. Be3
1-0

[Event "NB I. Maroczy csoport"]
[Site "Kecskemet"]
[Date "2024.03.03"]
[Round "7.9"]
[White "Tesik, Csaba"]
[Black "Brandics, Jozsef"]
[Result "1-0"]
[WhiteElo "2285"]
[BlackElo "2162"]
[PlyCount "111"]
[EventDate "2023.10.08"]
[EventType "team-tourn"]
[EventRounds "11"]
[EventCountry "HUN"]
[Source "chess.hu"]
[WhiteTeam "Maroczy SE I."]
[BlackTeam "Neumann J. Egyetem"]
[WhiteTeamCountry "HUN"]
[BlackTeamCountry "HUN"]

1. e4 Nc6 2. Nc3 Nf6 3. g3 d5 4. exd5 Nxd5 5. Bg2 Nxc3 6. bxc3 g6 7. Ne2 Bg4 8.
h3 Bd7 9. O-O Bg7 10. d4 Qc8 11. Kh2 O-O 12. Rb1 Na5 13. Re1 Rb8 14. Nf4 e6 15.
Qd3 b5 16. Ba3 Re8 17. Bc5 a6 18. Qd1 Bc6 19. Bxc6 Nxc6 20. Qf3 Na5 21. Nd3 Nc4
22. Qf4 Qb7 23. a4 Rbd8 24. Re2 Rd5 25. Qf3 Bh6 26. Qg2 Qc8 27. axb5 a5 28. Nb2
Nb6 29. Ra1 Bf8 30. Bxf8 Rxf8 31. Rxa5 Qd7 32. Nd3 Rxb5 33. Nc5 Qe8 34. Ra7 c6
35. Ne4 Qb8 36. Ra6 Rc8 37. Qf3 Rf5 38. Qd3 h5 39. h4 Nd5 40. Kg1 Qb1+ 41. Kg2
Qb8 42. Qc4 Qc7 43. Re1 Nf6 44. Nxf6+ Rxf6 45. Re5 Rf5 46. Rxf5 gxf5 47. Qc5
Qd7 48. c4 f4 49. Qg5+ Kf8 50. Qxf4 c5 51. d5 exd5 52. Rh6 Rc6 53. Rxc6 Qxc6
54. Qb8+ Ke7 55. Qe5+ Qe6 56. Qxd5 1-0

[Event "NB I. Maroczy csoport"]
[Site "Kecskemet"]
[Date "2024.03.03"]
[Round "7.10"]
[White "Csala, Imre"]
[Black "Kopasz, Robert"]
[Result "1/2-1/2"]
[WhiteElo "1983"]
[BlackElo "2235"]
[PlyCount "27"]
[EventDate "2023.10.08"]
[EventType "team-tourn"]
[EventRounds "11"]
[EventCountry "HUN"]
[Source "chess.hu"]
[WhiteTeam "Neumann J. Egyetem"]
[BlackTeam "Maroczy SE I."]
[WhiteTeamCountry "HUN"]
[BlackTeamCountry "HUN"]

1. d4 Nf6 2. c4 e6 3. Nc3 Bb4 4. Qc2 d5 5. a3 Bxc3+ 6. Qxc3 O-O 7. Bg5 dxc4 8.
Bxf6 Qxf6 9. Qxc4 e5 10. Nf3 exd4 11. Qxd4 Qg6 12. Ne5 Qe6 13. e3 Re8 14. Rd1
1/2-1/2

[Event "NB I. Maroczy csoport"]
[Site "Kecskemet"]
[Date "2024.03.03"]
[Round "7.11"]
[White "Kocsmar, Akos"]
[Black "Lehocz, Jozsef"]
[Result "1-0"]
[WhiteElo "2029"]
[BlackElo "1999"]
[PlyCount "77"]
[EventDate "2023.10.08"]
[EventType "team-tourn"]
[EventRounds "11"]
[EventCountry "HUN"]
[Source "chess.hu"]
[WhiteTeam "Maroczy SE I."]
[BlackTeam "Neumann J. Egyetem"]
[WhiteTeamCountry "HUN"]
[BlackTeamCountry "HUN"]

1. d4 b6 2. e4 Bb7 3. Bd3 e6 4. Nf3 c5 5. c3 g6 6. O-O Bg7 7. Na3 d5 8. exd5
Bxd5 9. dxc5 bxc5 10. Bf4 a6 11. Nc4 Bxc4 12. Bxc4 Qxd1 13. Raxd1 Nf6 14. Rd6
Nfd7 15. Rfd1 Ke7 16. Bb3 h6 17. Ba4 Ra7 18. R6d2 Rc8 19. Bd6+ Kf6 20. Re2 g5
21. Nd2 Bf8 22. Ne4+ Kg7 23. Red2 Nb6 24. Be5+ Kg6 25. Bc2 f5 26. Nd6 Bxd6 27.
Rxd6 Rc6 28. Rxc6 Nxc6 29. Rd6 Nxe5 30. Rxe6+ Kf7 31. Rxe5 Rd7 32. Rxf5+ Ke6
33. Rxc5 Kd6 34. Ra5 Kc7 35. Bb3 Rd2 36. h3 Rxb2 37. Rxa6 Rb1+ 38. Kh2 Rc1 39.
Ra7+ 1-0

[Event "NB I. Maroczy csoport"]
[Site "Kecskemet"]
[Date "2024.03.03"]
[Round "7.12"]
[White "Balazs-Szalai, Renata"]
[Black "Markus, Molli Amina"]
[Result "0-1"]
[WhiteElo "1922"]
[BlackElo "1911"]
[PlyCount "118"]
[EventDate "2023.10.08"]
[EventType "team-tourn"]
[EventRounds "11"]
[EventCountry "HUN"]
[Source "chess.hu"]
[WhiteTeam "Neumann J. Egyetem"]
[BlackTeam "Maroczy SE I."]
[WhiteTeamCountry "HUN"]
[BlackTeamCountry "HUN"]

1. d4 Nf6 2. c4 g6 3. Nc3 Bg7 4. e4 d6 5. Be2 O-O 6. Nf3 e5 7. Be3 exd4 8. Nxd4
Re8 9. f3 Nc6 10. O-O Nh5 11. f4 Nf6 12. Bf3 Nxd4 13. Bxd4 Be6 14. Qd3 Qd7 15.
Rad1 c6 16. Bxf6 Bxf6 17. e5 Bg7 18. Ne4 d5 19. cxd5 cxd5 20. Nd6 Re7 21. Bxd5
Bxd5 22. Qxd5 Qc7 23. Qd4 b6 24. Ne4 b5 25. Rc1 Qb7 26. Nd6 Qa6 27. a3 Rd8 28.
Qc5 Red7 29. Qc6 Qa4 30. Qxb5 Qxb5 31. Nxb5 Rb8 32. Nd6 Rxb2 33. Rc8+ Bf8 34.
Ne8 Rdd2 35. Nf6+ Kg7 36. Ne8+ Kh6 37. Rf3 Rxg2+ 38. Kf1 Rxh2 39. Kg1 Be7 40.
Rcc3 g5 41. fxg5+ Kg6 42. Nd6 Rhg2+ 43. Kh1 Rge2 44. Rc1 Bxg5 45. Rd1 Rh2+ 46.
Kg1 Rbg2+ 47. Kf1 Rg4 48. Rf2 Rh1+ 49. Ke2 Rxd1 50. Kxd1 Rd4+ 51. Kc2 h5 52.
Kc3 Rf4 53. Rg2 h4 54. Kd3 h3 55. Rh2 Rf3+ 56. Ke4 Rxa3 57. Nb5 Re3+ 58. Kd5
Bf4 59. Rh1 Rxe5+ 0-1

[Event "NB I. Maroczy csoport"]
[Site "Berente"]
[Date "2024.03.10"]
[Round "8.1"]
[White "Balazs, Gabor"]
[Black "Stanciu, Alexandru-Ovidiu"]
[Result "1/2-1/2"]
[WhiteElo "2369"]
[BlackElo "2370"]
[PlyCount "24"]
[EventDate "2023.10.08"]
[EventType "team-tourn"]
[EventRounds "11"]
[EventCountry "HUN"]
[Source "chess.hu"]
[WhiteTeam "Neumann J. Egyetem"]
[BlackTeam "Pitypalatty Sakk SE"]
[WhiteTeamCountry "HUN"]
[BlackTeamCountry "HUN"]

1. d4 d5 2. c4 e6 3. Nc3 Be7 4. cxd5 exd5 5. Bf4 c6 6. e3 Bf5 7. Bd3 Bxd3 8.
Qxd3 Nf6 9. Nf3 O-O 10. O-O Re8 11. Rac1 Nbd7 12. h3 Nf8 1/2-1/2

[Event "NB I. Maroczy csoport"]
[Site "Berente"]
[Date "2024.03.10"]
[Round "8.2"]
[White "Leszko, Bence"]
[Black "Soos, Arpad"]
[Result "1/2-1/2"]
[WhiteElo "2260"]
[BlackElo "2341"]
[PlyCount "84"]
[EventDate "2023.10.08"]
[EventType "team-tourn"]
[EventRounds "11"]
[EventCountry "HUN"]
[Source "chess.hu"]
[WhiteTeam "Pitypalatty Sakk SE"]
[BlackTeam "Neumann J. Egyetem"]
[WhiteTeamCountry "HUN"]
[BlackTeamCountry "HUN"]

1. e4 c5 2. Nf3 d6 3. d4 cxd4 4. Nxd4 Nf6 5. Nc3 Nc6 6. Nd5 Nxd5 7. exd5 Qa5+
8. Bd2 Qxd5 9. Nb5 Qe6+ 10. Be2 Qd7 11. c4 e6 12. O-O Be7 13. Bf4 e5 14. Be3
O-O 15. f4 b6 16. Qd2 Bb7 17. Rad1 Rfd8 18. Bf3 Rac8 19. b3 Ba8 20. Bd5 Bf6 21.
fxe5 Nxe5 22. Nc3 Be7 23. Bf4 Bxd5 24. Nxd5 Qe6 25. Qb4 Bf8 26. Qa4 Qd7 27. Qa6
Ng6 28. Bg3 Re8 29. Rd2 Re6 30. Rdf2 f6 31. a4 Ne7 32. a5 bxa5 33. Nxe7+ Bxe7
34. Qxa5 Rc5 35. Qd2 Qb7 36. Rf3 Rg5 37. h4 Rg4 38. Rd1 Rge4 39. Qd5 Qc8 40.
Ra1 a6 41. Kh2 Re2 42. b4 Bf8 1/2-1/2

[Event "NB I. Maroczy csoport"]
[Site "Berente"]
[Date "2024.03.10"]
[Round "8.4"]
[White "Daroczi, Donat"]
[Black "Marta, Dominik"]
[Result "1-0"]
[WhiteElo "2171"]
[BlackElo "2123"]
[PlyCount "77"]
[EventDate "2023.10.08"]
[EventType "team-tourn"]
[EventRounds "11"]
[EventCountry "HUN"]
[Source "chess.hu"]
[WhiteTeam "Pitypalatty Sakk SE"]
[BlackTeam "Neumann J. Egyetem"]
[WhiteTeamCountry "HUN"]
[BlackTeamCountry "HUN"]

1. e4 e5 2. Nf3 Nf6 3. d4 exd4 4. e5 Ne4 5. Qe2 Nc5 6. Nxd4 Nc6 7. Be3 Qh4 8.
Nb5 Kd8 9. Nd2 a6 10. Nc3 Nxe5 11. O-O-O f6 12. f4 Nc6 13. g3 Qh6 14. Bg2 Qg6
15. Qf2 Nb4 16. Nf1 Ncd3+ 17. cxd3 Nxd3+ 18. Rxd3 Qxd3 19. Be4 Qc4 20. Nd2 Qf7
21. Bd5 Qh5 22. h3 Bb4 23. g4 Qe8 24. Re1 Qf8 25. Nc4 h5 26. a3 Bxc3 27. bxc3
d6 28. f5 hxg4 29. hxg4 Rh3 30. Bg2 Rh2 31. Bf4 Qf7 32. Bxh2 Qxc4 33. Qe3 Qf7
34. Bd5 Qf8 35. Bxd6 cxd6 36. Qb6+ Kd7 37. Be6+ Ke8 38. Bxc8+ Kf7 39. Qb3+ 1-0

[Event "NB I. Maroczy csoport"]
[Site "Berente"]
[Date "2024.03.10"]
[Round "8.5"]
[White "Czegledi, Zsolt"]
[Black "Zambor, Norbert"]
[Result "1/2-1/2"]
[WhiteElo "2156"]
[BlackElo "2224"]
[PlyCount "22"]
[EventDate "2023.10.08"]
[EventType "team-tourn"]
[EventRounds "11"]
[EventCountry "HUN"]
[Source "chess.hu"]
[WhiteTeam "Neumann J. Egyetem"]
[BlackTeam "Pitypalatty Sakk SE"]
[WhiteTeamCountry "HUN"]
[BlackTeamCountry "HUN"]

1. d4 Nf6 2. Bg5 e6 3. e4 h6 4. Bxf6 Qxf6 5. e5 Qd8 6. Nf3 d6 7. Bd3 Nd7 8. O-O
a6 9. Nbd2 b6 10. Qe2 Bb7 11. c4 d5 1/2-1/2

[Event "NB I. Maroczy csoport"]
[Site "Berente"]
[Date "2024.03.10"]
[Round "8.6"]
[White "Rat, Dan-Ovidiu"]
[Black "Lehocz, Jozsef Jr"]
[Result "1/2-1/2"]
[WhiteElo "2218"]
[BlackElo "2143"]
[PlyCount "23"]
[EventDate "2023.10.08"]
[EventType "team-tourn"]
[EventRounds "11"]
[EventCountry "HUN"]
[Source "chess.hu"]
[WhiteTeam "Pitypalatty Sakk SE"]
[BlackTeam "Neumann J. Egyetem"]
[WhiteTeamCountry "HUN"]
[BlackTeamCountry "HUN"]

1. d4 e6 2. c4 b6 3. Nf3 Bb7 4. g3 f5 5. Bg2 Nf6 6. O-O Be7 7. Nc3 O-O 8. d5
Na6 9. Bf4 Qc8 10. Rc1 Nc5 11. Nd2 d6 12. dxe6 1/2-1/2